000
00278nam a22001217a 4500
082
_a
904
_b
UBE/I
100
_a
BARRETT,KEN
100
_a
SHARMA,SURESH
245
_a
THE INDIAN EXPERIENCE
260
_a
HONG KONG
_b
J S UBEROI
650
_a
GENERAL KNOWLEDGE
_z
HONG KONG
942
_c
BK
999
_c
3082
_d
3082